| 000 | 00881nam a2200277 i 4500 | ||
|---|---|---|---|
| 005 | 20260413115450.0 | ||
| 008 | 260413t20252025my gr 000 fdmay d | ||
| 020 |
_a9786297733326 _cRM25.00 _qpaperback |
||
| 040 |
_aPPAK _beng _cPPAK _erda |
||
| 082 | 0 | 4 |
_a899.2333 _223 |
| 090 | 0 | 0 |
_a899.2333 _bKAM _dG |
| 100 | 0 |
_aKamal Nordin, _eauthor. |
|
| 245 | 1 | 0 |
_aSIAPA SELEPAS FAUST? / _cKarya Kamal Nordin ; Penyunting: Zalila Isa |
| 250 | _aEdisi Malaysia | ||
| 264 | 1 |
_aPetaling Jaya, Selangor : _bThe Biblio Press Enterprise, _c2025 |
|
| 264 | 4 | _c©2025 | |
| 300 |
_a110 pages ; _c20 cm |
||
| 336 |
_atext _2rdacontent |
||
| 337 |
_aunmediated _2rdamedia |
||
| 338 |
_avolume _2rdacarrier |
||
| 504 | _aBibliography: pages 108-110. | ||
| 650 | 1 | 0 | _aMalay fiction |
| 650 | 2 | 4 | _aMalaysian Fiction (Malay) |
| 700 | 0 |
_aZalila Isa, _eeditor. |
|
| 942 |
_2ddc _cB |
||
| 999 |
_c203819 _d203819 |
||